|
|
|
|
| LEADER |
00000cam a2200000 7i4500 |
| 001 |
0000072012 |
| 005 |
20230801093000.0 |
| 008 |
110411s2009 nyu eng |
| 020 |
|
|
|a 0203879481 (Cloth)
|
| 020 |
|
|
|a 0203879481 (electronic bk.)
|
| 020 |
|
|
|a 0415999014 (Cloth)
|
| 020 |
|
|
|a 6611932631 (electronic bk.)
|
| 020 |
|
|
|a 9780203879481 (electronic bk.)
|
| 020 |
|
|
|a 9780415999014 (acid-free paper)
|
| 020 |
|
|
|a 9786611932633 (electronic bk.)
|
| 050 |
0 |
0 |
|a P118.7
|b .H37 2009
|
| 090 |
0 |
0 |
|a P118.7
|b .H37 2009
|
| 100 |
1 |
|
|a Harris, Roy ,
|d 1931- ,
|e author
|
| 245 |
1 |
0 |
|a Rationality and the literate mind [
|h electronic resource]
|c Roy Harris
|
| 260 |
|
|
|a New York, NY :
|b Routledge ,
|c c2009
|
| 300 |
|
|
|a 1 online resource (xv, 190 p.)
|
| 490 |
1 |
|
|a Routledge advances in communication and linguistic theory
|v 7
|
| 500 |
|
|
|a Description based on print version record
|
| 500 |
|
|
|a Title from e-book title screen (viewed Apr 6, 2009)
|
| 504 |
|
|
|a Includes bibliographical references and index
|
| 505 |
0 |
|
|a 1. On rationality, the mind and scriptism -- 2. The primitive mind revisited -- 3. Logicality and prelogicality -- 4. Reason and primitive languages -- 5. The great divide -- 6. Aristotle's language myth -- 7. Logic and the tyranny of the alphabet -- 8. Literacy and numeracy - Interlude : constructing a language-game -- 9. The literate revolution and its consequences -- 10. The fallout from literacy -- 11. Epilogue : rethinking rationality
|
| 520 |
|
|
|a Examines the old debate about the relationship between rationality and literacy. This title challenges the received mainstream opinion that reason is an intrinsic property of the human mind, and argues that the whole Western conception of rational thought is a by-product of the way literacy developed in European cultures
|
| 650 |
|
0 |
|a Language and languages
|x Philosophy
|
| 650 |
|
0 |
|a Language and logic
|
| 650 |
|
0 |
|a Literacy
|x Philosophy
|
| 830 |
|
0 |
|a Routledge advances in communication and linguistic theory ;
|v 7.
|
| 856 |
4 |
0 |
|3 NetLibrary
|u http://www.netlibrary.com/urlapi.asp?action=summary&v=1&bookid=260644
|
| 999 |
|
|
|a 1000138685
|b Electronic Resource
|c OPEN SHELF (30 DAYS)
|e Gong Badak Campus
|